000 01287cam a2200349 i 4500
003 EG-GICUC
005 20260223091007.0
008 260223m19989999nyu frb 000 0 eng d
040 _aEG-GICUC
_cEG-GICUC
_dEG-GICUC
_beng
_erda
082 0 4 _221
_a347.224
092 0 4 _221
099 _aLaw 12 1998
100 1 _aSmit, Hans.
245 1 0 _aRules of national arbitral institutions /
_cH. Smit, V. Pechota.
_nVolume 1
264 _a[Yonkers, N.Y.] :
_bJuris Pub. ;
_a[London] :
_bSweet & Maxwell,
_c1998-
300 _a2 volumes (loose-leaf) ;
_c26 cm.
336 _atext
_2rdacontent
337 _aComputer
_2rdamedia
338 _aOnline Resource
_2rdacarrier
490 1 _aParker school guidees to international arbitration.
500 _aVolume 1 ( various paging )
504 _aIncludes bibliographical references.
650 0 _aArbitration and award.
650 0 _aInternational commercial arbitration.
700 1 _aPěchota, Vratislav,
_ejoint author.
710 _aParker school of foreign and comparative law.
710 _aColumbia University.
785 0 0 _tNational arbitration laws.
_b2nd ed.
_z9781929446827
_w(DLC) 2010217905
_w(OCoLC)608102154
856 4 0 _uhttps://fll.law.cu.edu.eg/fulltext/bks/ENGB12-00001.pdf
905 _a10
942 _2ddc
_cBK
_e21
_n0
999 _c63993
_d63993